| 000 | 00651nam a2200205Ia 4500 | ||
|---|---|---|---|
| 005 | 20260121110110.0 | ||
| 008 | 008 260114s9999 xx 000 0 hin d | ||
| 020 | _a9788132350057 | ||
| 037 | _aEBOOK | ||
| 040 |
_aCRL _bhin _cCRL |
||
| 041 |
_ahin _2hin |
||
| 084 | _qCRL | ||
| 100 |
_aदिशा भार्गव / Disha Bhargav _9942028 |
||
| 245 | 0 | _aभारत की आर्थिक नीति / Bharat Ki Arthik Neeti | |
| 260 |
_bभाषा प्रकाशन / Bhasha Prakashan _c2020 |
||
| 856 | _uhttps://bhashaprakashan.com/product-details/378257 | ||
| 942 | _cEBOOK | ||
| 999 |
_c1533693 _d1533693 |
||